Arrival of Muhammad (Sal Lal Lahu Alaihi Wa Alai Wasllam): (Record no. 10224)
[ view plain ]
| 000 -LEADER | |
|---|---|
| fixed length control field | 00408nam a2200121 a 4500 |
| 100 1# - MAIN ENTRY--AUTHOR NAME | |
| Personal name | Khan, Abdul Waheed |
| 245 10 - TITLE STATEMENT | |
| Title | Arrival of Muhammad (Sal Lal Lahu Alaihi Wa Alai Wasllam): |
| 260 ## - PUBLICATION, DISTRIBUTION, ETC. (IMPRINT) | |
| Place of publication | [Karachi] : |
| Name of publisher | Abdul Waheed Khan, |
| Year of publication | 2008. |
| 300 ## - PHYSICAL DESCRIPTION | |
| Number of Pages | 23 p. ; |
| 650 ## - SUBJECT ADDED ENTRY--TOPICAL TERM | |
| Topical Term | Birth of Muhammad (Sal Lal Lahu Alaihi Wa Alai Wasllam): |
| 856 40 - ELECTRONIC LOCATION AND ACCESS | |
| Uniform Resource Identifier | http://www.amazon.com/exec/obidos/ASIN/chopaconline-20 |
| 942 ## - ADDED ENTRY ELEMENTS (KOHA) | |
| Koha item type | Books |
| Withdrawn status | Lost status | Home library | Current library | Date acquired | Full call number | Accession Number | Koha item type |
|---|---|---|---|---|---|---|---|
| Central Library, QUEST, Nawabshah | Central Library, QUEST, Nawabshah | 19/09/2014 | 297.152KHA | D727 | Books | ||
| Central Library, QUEST, Nawabshah | Central Library, QUEST, Nawabshah | 19/09/2014 | 297.152KHA | D696 | Books |